[Event "Moscow Aeroflot rapid KO"]
[Site "Moscow"]
[Date "2013.02.15"]
[Round "2.2"]
[White "Smirnov, Pavel"]
[Black "Kamsky, Gata"]
[Result "1/2-1/2"]
[WhiteElo "2618"]
[BlackElo "2740"]
[PlyCount "67"]
[EventDate "2013.02.15"]
[EventType "k.o. (rapid)"]
[EventRounds "2"]
[EventCountry "RUS"]
[SourceTitle "CBM 152 Extra"]
[Source "ChessBase"]
[SourceDate "2013.02.25"]
[SourceVersion "1"]
[SourceVersionDate "2013.02.25"]
[SourceQuality "1"]

1. d4 d5 2. c4 c6 3. cxd5 cxd5 4. Bf4 e6 5. Nc3 Bd6 6. Bxd6 Qxd6 7. e3 Ne7 8.
Bd3 O-O 9. f4 f6 10. Nf3 Bd7 11. O-O Nbc6 12. Qd2 Be8 13. e4 Bh5 14. e5 Qd8 15.
exf6 Rxf6 16. Ne5 Qb6 17. Nd7 Qxd4+ 18. Rf2 Rh6 19. Nb5 Qb4 20. Qc2 a6 21. a3
Qa5 22. Nc3 Qc7 23. Ne5 Nxe5 24. fxe5 Qxe5 25. Raf1 Bd1 26. Rxd1 Qxh2+ 27. Kf1
Qe5 28. Rf3 Rh1+ 29. Kf2 Qd4+ 30. Ke2 Qe5+ 31. Re3 Qh5+ 32. Rf3 Qe5+ 33. Kf2
Qd4+ 34. Ke2 1/2-1/2

[Event "Moscow Aeroflot rapid final"]
[Site "Moscow"]
[Date "2013.02.16"]
[Round "1.1"]
[White "Sjugirov, Sanan"]
[Black "Kamsky, Gata"]
[Result "0-1"]
[WhiteElo "2646"]
[BlackElo "2740"]
[PlyCount "84"]
[EventDate "2013.02.16"]
[EventType "k.o. (rapid)"]
[EventRounds "4"]
[EventCountry "RUS"]
[SourceTitle "CBM 152 Extra"]
[Source "ChessBase"]
[SourceDate "2013.02.25"]
[SourceVersion "1"]
[SourceVersionDate "2013.02.25"]
[SourceQuality "1"]

1. d4 Nf6 2. c4 g6 3. Nc3 d5 4. Nf3 Bg7 5. cxd5 Nxd5 6. e3 O-O 7. Bc4 Nxc3 8.
bxc3 c5 9. O-O Qc7 10. Qe2 b6 11. Ba3 Bb7 12. Rab1 Nd7 13. Rfc1 e5 14. Bb5 Be4
15. Rb3 Bd5 16. Bc4 Bxc4 17. Qxc4 Rac8 18. h3 Rfe8 19. Ng5 Nf6 20. dxc5 e4 21.
c6 h6 22. Bd6 Qxd6 23. Qxf7+ Kh8 24. Qxe8+ Nxe8 25. Nf7+ Kg8 26. Nxd6 Nxd6 27.
Kf1 Rxc6 28. Ke2 Kf7 29. Kd2 Ke6 30. Rd1 Rc5 31. Rc1 Bf6 32. Ke2 h5 33. Rc2 Bd8
34. Rc1 b5 35. Ra1 Bf6 36. Rc1 a5 37. Kd2 Nc4+ 38. Ke2 Nb6 39. Kd2 Nd5 40. a4
bxa4 41. Rb7 Bxc3+ 42. Kd1 a3 0-1

[Event "Moscow Aeroflot rapid final"]
[Site "Moscow"]
[Date "2013.02.16"]
[Round "1.2"]
[White "Kamsky, Gata"]
[Black "Sjugirov, Sanan"]
[Result "1/2-1/2"]
[WhiteElo "2740"]
[BlackElo "2646"]
[PlyCount "267"]
[EventDate "2013.02.16"]
[EventType "k.o. (rapid)"]
[EventRounds "4"]
[EventCountry "RUS"]
[SourceTitle "CBM 152 Extra"]
[Source "ChessBase"]
[SourceDate "2013.02.25"]
[SourceVersion "1"]
[SourceVersionDate "2013.02.25"]
[SourceQuality "1"]

1. Nf3 Nf6 2. g3 g6 3. Bg2 Bg7 4. c4 O-O 5. Nc3 d6 6. d3 Nc6 7. Rb1 a5 8. h4 h6
9. Bd2 e5 10. a3 Bf5 11. e4 Bg4 12. Be3 Be6 13. Nh2 h5 14. O-O Qd7 15. Qd2 Ng4
16. Nxg4 Bxg4 17. b3 Be6 18. Ne2 Bg4 19. f3 Be6 20. f4 Bg4 21. Nc3 f5 22. Kh2
Rae8 23. b4 axb4 24. axb4 Kh7 25. b5 Nd8 26. Rbe1 c6 27. bxc6 bxc6 28. d4 exf4
29. Bxf4 Ne6 30. Be3 fxe4 31. Bxe4 Rxf1 32. Rxf1 Nf8 33. Bg2 Qe6 34. Ne4 Qd7
35. d5 cxd5 36. Ng5+ Kh8 37. Bxd5 Ne6 38. Rf7 Re7 39. Rxe7 Qxe7 40. Qa2 Nxg5
41. Bxg5 Qf8 42. Bf4 Kh7 43. Qa8 Bc8 44. Qa7 Bf5 45. Qf7 Qb8 46. Qb7 Qe8 47.
Qf7 Qe2+ 48. Kg1 Qe1+ 49. Kg2 Qe2+ 50. Kg1 Qe1+ 51. Kg2 Be4+ 52. Bxe4 Qxe4+ 53.
Kf1 Qd3+ 54. Kg2 Qe2+ 55. Kh1 Qf1+ 56. Kh2 Qf2+ 57. Kh1 Qe1+ 58. Kg2 Qe4+ 59.
Kf1 Qh1+ 60. Kf2 Qd1 61. Be3 Qc2+ 62. Kf3 Qd3 63. Kf2 Qc2+ 64. Kf3 Qd3 65. Kf2
Qe4 66. Qd5 Qc2+ 67. Kf3 Qb1 68. Kf2 Qb2+ 69. Kf3 Qf6+ 70. Kg2 Qe7 71. Bf2 Qe2
72. c5 dxc5 73. Qxc5 Qe4+ 74. Kg1 Qb7 75. Qa7 Qb1+ 76. Kg2 Qe4+ 77. Kg1 Qd5 78.
Qe7 Qc6 79. Qf7 Qd6 80. Qb7 Qe6 81. Kg2 Kg8 82. Qa8+ Kh7 83. Qb7 Kg8 84. Qa8+
Bf8 85. Kg1 Kf7 86. Kg2 Be7 87. Kg1 Qb3 88. Kg2 Qe6 89. Kg1 Qc4 90. Kg2 Bd6 91.
Kg1 Qc1+ 92. Kg2 Qc4 93. Kg1 Ke7 94. Kg2 Qc2 95. Kg1 Ke6 96. Kg2 Be7 97. Kg1
Kf5 98. Qf3+ Ke6 99. Qa8 Kf7 100. Qd5+ Kf8 101. Kg2 Qc7 102. Qa8+ Kf7 103. Qd5+
Kf8 104. Qf3+ Ke8 105. Qa8+ Bd8 106. Qe4+ Kf7 107. Qd5+ Kg7 108. Bd4+ Kh7 109.
Kf3 Qe7 110. Be5 Bb6 111. Kg2 Qa7 112. Kh3 Qe7 113. Kg2 Be3 114. Kh2 Qf8 115.
Qb7+ Kh6 116. Qg2 Qf5 117. Bb2 Qb1 118. Bc3 Qd1 119. Bf6 Qb1 120. Be5 Qf5 121.
Bc3 Qc5 122. Bd2 Bxd2 123. Qxd2+ Kg7 124. Qb2+ Kf7 125. Qb3+ Kf6 126. Qf3+ Ke6
127. Qe4+ Kf6 128. Kg2 Qb5 129. Qd4+ Ke6 130. Qe4+ Kf6 131. Qd4+ Ke6 132. Qe4+
Kf6 133. Qd4+ Ke6 134. Qe4+ 1/2-1/2

[Event "Moscow Aeroflot rapid final"]
[Site "Moscow"]
[Date "2013.02.16"]
[Round "2.2"]
[White "Eljanov, Pavel"]
[Black "Kamsky, Gata"]
[Result "0-1"]
[WhiteElo "2678"]
[BlackElo "2740"]
[PlyCount "76"]
[EventDate "2013.02.16"]
[EventType "k.o. (rapid)"]
[EventRounds "4"]
[EventCountry "RUS"]
[SourceTitle "CBM 152 Extra"]
[Source "ChessBase"]
[SourceDate "2013.02.25"]
[SourceVersion "1"]
[SourceVersionDate "2013.02.25"]
[SourceQuality "1"]

1. d4 d5 2. c4 c6 3. cxd5 cxd5 4. Bf4 e6 5. Nc3 Bd6 6. Bxd6 Qxd6 7. e3 Nc6 8.
Bd3 Nge7 9. Nf3 h6 10. O-O O-O 11. Rc1 Rd8 12. Nb5 Qb8 13. Qe2 Bd7 14. a3 Be8
15. e4 dxe4 16. Qxe4 Ng6 17. Rfd1 a6 18. Nc3 Nce7 19. Ne5 Bc6 20. Nxc6 bxc6 21.
Na4 a5 22. g3 Ra7 23. Bf1 Rad7 24. Bg2 Nf5 25. Qe1 Nxd4 26. Nc5 Rd6 27. Kh1 Nc2
28. Qe2 Rxd1+ 29. Rxd1 Rxd1+ 30. Qxd1 Qxb2 31. Be4 Nd4 32. Bxg6 fxg6 33. Kg2
Qc3 34. Ne4 Qc4 35. h4 Qd5 36. f3 Qc4 37. Qd2 e5 38. Kh3 Qf1+ 0-1

[Event "Moscow Aeroflot rapid final"]
[Site "Moscow"]
[Date "2013.02.17"]
[Round "3.1"]
[White "Kamsky, Gata"]
[Black "Grischuk, Alexander"]
[Result "1/2-1/2"]
[WhiteElo "2740"]
[BlackElo "2764"]
[PlyCount "81"]
[EventDate "2013.02.16"]
[EventType "k.o. (rapid)"]
[EventRounds "4"]
[EventCountry "RUS"]
[SourceTitle "CBM 152 Extra"]
[Source "ChessBase"]
[SourceDate "2013.02.25"]
[SourceVersion "1"]
[SourceVersionDate "2013.02.25"]
[SourceQuality "1"]

1. d4 Nf6 2. Nf3 d5 3. g3 c6 4. Bg2 Bf5 5. c4 e6 6. Qb3 Qb6 7. c5 Qa6 8. Nc3 b6
9. cxb6 axb6 10. Nh4 Bg6 11. Nxg6 hxg6 12. O-O Be7 13. e4 O-O 14. Re1 dxe4 15.
Nxe4 Nd5 16. Nc3 Bf6 17. Bf1 Qb7 18. Rd1 Rd8 19. Ne4 Nd7 20. a4 Qc7 21. Qf3 b5
22. b3 Qb6 23. Nxf6+ N7xf6 24. Bd2 Qxd4 25. Ba5 Qxa1 26. Rxa1 Rxa5 27. Qd1 Rda8
28. Bg2 c5 29. Qc2 Rc8 30. Qd2 Rca8 31. Rc1 bxa4 32. bxa4 Rxa4 33. Rxc5 Ra1+
34. Rc1 Rxc1+ 35. Qxc1 Rd8 36. Qb2 Ne7 37. Bf3 Nf5 38. Qb6 Rc8 39. Qb2 Rd8 40.
Qb6 Rc8 41. Qb2 1/2-1/2

[Event "Moscow Aeroflot rapid final"]
[Site "Moscow"]
[Date "2013.02.17"]
[Round "3.2"]
[White "Grischuk, Alexander"]
[Black "Kamsky, Gata"]
[Result "1-0"]
[WhiteElo "2764"]
[BlackElo "2740"]
[PlyCount "71"]
[EventDate "2013.02.16"]
[EventType "k.o. (rapid)"]
[EventRounds "4"]
[EventCountry "RUS"]
[SourceTitle "CBM 152 Extra"]
[Source "ChessBase"]
[SourceDate "2013.02.25"]
[SourceVersion "1"]
[SourceVersionDate "2013.02.25"]
[SourceQuality "1"]

1. d4 d5 2. c4 c6 3. Nc3 Nf6 4. cxd5 cxd5 5. Bf4 Qb6 6. e3 Nc6 7. Bd3 Bg4 8.
Nge2 e6 9. O-O a6 10. Na4 Qa7 11. Qb3 b5 12. Rfc1 Rc8 13. Rc2 Be7 14. Rac1 Qb7
15. Nc5 Bxc5 16. Rxc5 Nd7 17. R5c3 Bxe2 18. Bxe2 O-O 19. a4 b4 20. Bd6 Qb6 21.
Bxb4 Rfe8 22. Bc5 Qxb3 23. Rxb3 Na5 24. Rbc3 Rb8 25. Bxa6 Nb3 26. R1c2 Ndxc5
27. dxc5 d4 28. exd4 Nxd4 29. Rd2 Red8 30. Kf1 Kf8 31. Rc4 Nb3 32. Rxd8+ Rxd8
33. Ke1 Rd5 34. c6 Re5+ 35. Kd1 Rd5+ 36. Kc2 1-0

[Event "Zug FIDE GP"]
[Site "Zug"]
[Date "2013.04.18"]
[Round "1"]
[White "Leko, Peter"]
[Black "Kamsky, Gata"]
[Result "1/2-1/2"]
[WhiteElo "2744"]
[BlackElo "2741"]
[PlyCount "74"]
[EventDate "2013.04.18"]
[EventType "tourn"]
[EventRounds "11"]
[EventCountry "SUI"]
[EventCategory "21"]
[SourceTitle "CBM 154"]
[Source "ChessBase"]
[SourceDate "2013.05.15"]
[SourceVersion "1"]
[SourceVersionDate "2013.05.15"]
[SourceQuality "1"]

1. e4 e5 2. Nf3 Nc6 3. Bb5 a6 4. Ba4 Nf6 5. O-O Nxe4 6. d4 b5 7. Bb3 d5 8. dxe5
Be6 9. Nbd2 Be7 10. c3 O-O 11. Bc2 f5 12. Nb3 Qd7 13. Nbd4 Nxd4 14. Nxd4 c5 15.
Ne2 Rad8 16. Nf4 c4 17. Be3 g5 18. Nxe6 Qxe6 19. Bd4 a5 20. Qe2 f4 21. Bxe4
dxe4 22. Qxe4 f3 23. Be3 Rd5 24. gxf3 Rxe5 25. Qg4 Qg6 26. Rad1 h5 27. Qd7 Qf7
28. Rfe1 Qxf3 29. Bd4 Rd8 30. Qxd8+ Bxd8 31. Bxe5 Be7 32. Rd2 Bc5 33. Bd4 Bd6
34. Be5 Bc5 35. Bd4 Bd6 36. Be5 Bc5 37. Bd4 Bd6 1/2-1/2

[Event "Zug FIDE GP"]
[Site "Zug"]
[Date "2013.04.19"]
[Round "2"]
[White "Kasimdzhanov, Rustam"]
[Black "Kamsky, Gata"]
[Result "1-0"]
[WhiteElo "2709"]
[BlackElo "2741"]
[Annotator "Sumets,A"]
[PlyCount "97"]
[EventDate "2013.04.18"]
[EventType "tourn"]
[EventRounds "11"]
[EventCountry "SUI"]
[EventCategory "21"]
[SourceTitle "CBM 154"]
[Source "ChessBase"]
[SourceDate "2013.05.15"]
[SourceVersion "1"]
[SourceVersionDate "2013.05.15"]
[SourceQuality "1"]

1. e4 e6 2. d4 d5 3. Nd2 Be7 4. Bd3 c5 5. dxc5 Nf6 6. Qe2 a5 7. Ngf3 O-O 8. O-O
Na6 9. e5 {I don't believe that White can expect to get an opening advantage
after the modest 9.exd5. For example} (9. exd5 exd5 10. Re1 Re8 11. Nb3 Nxc5
12. Bb5 Bd7 13. Be3 a4 14. Bxd7 Qxd7 15. Bxc5 Bxc5 (15... axb3 $2 16. Bxe7 Rxa2
17. Rac1 Ra4 18. Qe5 Re4 19. Bxf6 Rxe1+ 20. Nxe1 Rxe5 21. Bxe5 f6 22. Bc3 (22.
Bd4 $16) 22... d4 $14 {Naiditsch,A-De la Riva Aguado,O Pamplona 2004 0-1 (62)})
16. Nxc5 Qc6 17. Qd3 Qxc5 $11) 9... Nd7 10. c3 {In my view White has more
chances to play for an opening advantage if he plays 10.c4 or 10.Nd4.} (10. c4
Naxc5 11. Bc2 b6 12. b3 (12. Nd4 $5 Qc7 (12... Bb7 13. f4 dxc4 14. Nxc4 Nxe5
15. fxe5 Qxd4+ 16. Be3 Qd8 17. Qg4 $44) 13. Re1 Bb7 14. Nb5 Qc6 15. Nd4 Qc7 16.
Nb5 Qc6 17. Nd4 {1/2-1/2 Godena,M-Dvirnyy,D Ch-ITA Torino 2012}) 12... Bb7 13.
Bb2 Qc7 14. Rfe1 Rfd8 15. Nd4 Nf8 16. Qg4 Ng6 17. N2f3 dxc4 18. bxc4 Rac8 19.
Re3 Bxf3 20. Nxf3 Nd7 21. Bb3 Nc5 $11 {Efimenko,Z-Vovk,Y Ch-UKR Kiev 2012 1/
2-1/2 (46)}) (10. Nd4 {This move has great statistics} Ndxc5 11. f4 Nb4 (11...
Qb6 12. N2f3 Bd7 13. Kh1 Rac8 14. a3 Nxd3 15. cxd3 Nc5 16. Be3 Bb5 17. Rad1
Bxd3 18. Rxd3 Nxd3 19. Nf5 $5 (19. Qxd3 Qxb2 20. Rb1 Qxa3 21. Qxa3 Bxa3 $17)
19... Bc5 20. Ne7+ Kh8 21. Ng5 Bxe3 22. Qxd3 g6 23. Nxc8 Rxc8 24. Nxf7+ Kg7 $17
{Shanava,K-Jorczik,J Pardubice CZE 2012 1-0 (38)}) 12. N2f3 Nbxd3 13. cxd3 Qb6
(13... Qd7 $5 14. Be3 b6 15. Rad1 Ba6 16. Ne1 f6 $11) 14. Be3 Qa6 15. Rad1 Bd7
16. g4 Rac8 17. Kh1 f6 18. f5 exf5 $6 19. gxf5 fxe5 20. Nxe5 $40 {Baklan,
V-Cvek,R Bundesliga Germany 2007 1-0 (27)}) 10... Naxc5 11. Bc2 {it is hard to
take seriously another bishop retreat by White.} (11. Bb5 f6 12. Nb3 Nxe5 13.
Nxe5 fxe5 14. Qxe5 Ne4 15. a4 Bd6 16. Qh5 e5 $15 17. Qe2 Qh4 (17... Be6 $5 18.
Be3 Qc7 $15) 18. f3 Nf6 19. Qf2 Qh5 20. Qg3 Be6 $6 (20... Bd7 21. Bxd7 Nxd7 22.
Be3 Rf6) 21. Be3 Bc7 $6 22. Nc5 Bc8 23. Nd3 Rf7 24. Qg5 Qxg5 25. Bxg5 Bf5 {
1/2-1/2 Pogonina,N-Hoang Thanh Trang EU-Ch (Women) 10-th St Petersburg 2009})
11... b5 12. Nd4 Qc7 13. Re1 {White can try 13.f4 but it seems to me that
Black's chances aren't worse here.} (13. f4 b4 14. c4 Bb7 15. b3 a4 16. Bb2 Qb6
17. Rab1 (17. cxd5 $5 Bxd5 $1 (17... exd5 18. Nf5 $1 (18. Qf2 $6 a3 19. Bc1 Ba6
20. Re1 Bd3 $17) 18... Ne6+ (18... Rfe8 19. Bd4) 19. Kh1 Qd8 20. Rad1 $14) 18.
Nc4 Qa6 19. f5 Bxc4 $5 (19... Bg5 $6 20. f6 $1 Bxc4 21. bxc4 g6 22. Nb5 $16)
20. bxc4 a3 $1 21. Bc1 Nxe5 $1 22. fxe6 (22. Qxe5 Bf6 23. Qxc5 (23. Qe3 Qxc4
24. Nb3 Qxc2 $19) 23... Rfc8 $17) 22... f6 23. Bf4 Qxc4 24. Qxc4 Nxc4 25. Rab1
$13) 17... axb3 18. axb3 Ra2 19. Kh1 f5 20. exf6 Bxf6 $17 {Kuramann,O -
Kindermann,S Trans-Europa-Schach-Express 2012 (SUI-AUT)}) 13... b4 (13... Ba6
14. Qe3 Rfb8 {A slightly artificial attempt} 15. f4 (15. Qh3 Nf8 16. N2f3 b4
$15) 15... g6 16. N2f3 Rb6 17. g4 (17. Bd2 $5 b4 18. Rac1 Rc8 19. cxb4 axb4 20.
a3 b3 (20... bxa3 $2 21. b4) 21. Bd1 $14) 17... Ne4 18. Bxe4 dxe4 19. Qxe4 Bb7
$44 {Forcen Esteban,D-Garza Marco,S Utebo ESP 2012 1/2-1/2 (60)}) 14. Qe3 (14.
cxb4 $6 axb4 15. Qe3 f5 16. exf6 Nxf6 17. h3 Bd7 18. N2b3 Nce4 19. Bxe4 (19. f3
e5 $1 20. fxe4 exd4 21. Nxd4 Bc5 22. e5 Rae8 23. Bb3 Kh8 $19) 19... Nxe4 20. f3
Ng5 21. Qe5 Qxe5 22. Rxe5 Nf7 23. Re1 e5 $17 {0-1 Sjugirov,S-Najer,E TCh-RUS
Premier (Ugra - ShSM-64) Olginka 2011 0-1 (46)}) (14. c4 Ba6 15. b3 Rfc8 (15...
dxc4 $5 16. Nxc4 Nb6 17. Qg4 Nxc4 18. Bh6 (18. bxc4 Rfd8 19. Nb5 Qb6 20. Bh6 g6
$15) 18... g6 19. Bxf8 Nxe5 20. Rxe5 Bxf8 $44) 16. Bb2 Nb6 (16... a4 $5 17.
N4f3 h6 18. Bd4 Nb6 $15) 17. Nb5 Bxb5 18. cxb5 Nca4 19. Rac1 Nc3 20. Qe3 Nd7 $6
(20... a4 $1 21. bxa4 Qb7 22. Qd3 g6 23. Bb3 Nbxa4 $17) 21. a4 $13 {Pap,
M-Markidis,K Paleochora GRE 2012 1-0 (37)}) 14... bxc3 $1 $146 (14... f5 15.
exf6 Nxf6 16. c4 $6 (16. h3 Bd7 17. c4 $13) 16... Bd6 $1 (16... Ng4 $2 17. Qh3
Nh6 $2 (17... Nf6 $8 18. b3 Bd8 (18... e5 $6 19. Qg3 $16) 19. Nb5 Qb6 20. Bb2
e5 21. Qg3 $14) 18. Qh5 $6 (18. N2f3 $1 Rf6 (18... e5 19. Qg3 Nf7 20. Nxe5 Bd6
21. Nb5 $18) 19. cxd5 exd5 20. Qh5 Bb7 21. Bg5 Rf7 22. Bxh6 $18) 18... dxc4 19.
Nxc4 Nf5 20. Nxf5 exf5 21. Nb6 Qxb6 22. Rxe7 $16 {Jansa,V-Sorensen,B 22nd
World Seniors Open Kamena Vourla GRE 2012 1-0 (31)}) 17. h3 Ba6 18. Nb5 (18.
Nxe6 Nxe6 19. Qxe6+ Kh8 20. Ba4 dxc4 $15) 18... Bxb5 19. cxb5 Bh2+ 20. Kh1 Bf4
21. Qe2 Rac8 $15) 15. bxc3 Ba6 16. Ba3 {It is hard to underestimate Black's
achievements on the queenside. He had to find the best setup of his pieces in
order to prevent a possible white attack. In the game, Kamsky put his rooks on
c8 and e8 and pushed f6. In my opinion, the plan is risky. Let's examine other
black options.} Rfe8 (16... Rfc8 $5 17. h4 (17. f4 g6 18. Qh3 Nb6 19. f5 exf5
20. Nxf5 Bf8 (20... gxf5 $4 21. Bxf5 Kf8 22. Qxh7 Bg5 23. Nf3 Bf4 24. Bxc8 Rxc8
25. Qh8+ Ke7 26. Qh4+ $18) 21. Nh6+ Bxh6 22. Qxh6 Bd3 $15) 17... Rab8 18. h5 h6
19. f4 Nb6 (19... Rb6 $5 20. Qh3 Bf8 21. Re3 Nd3 22. Bxd3 (22. Bxf8 $2 Qxc3 23.
N2b3 Rxb3 24. Nxb3 Qxc2 25. Bd6 a4 $19) 22... Bxa3 23. Bxa6 Rxa6 24. f5 Bc5 $13
) 20. Qh3 Nc4 21. Nxc4 Bxc4 22. f5 Ne4 23. Bxe7 Qxe7 24. fxe6 fxe6 25. Qxe6+
Qxe6 26. Nxe6 Nxc3 $11) (16... Rab8 17. h4 h6 18. h5 Rfc8 (18... Rfe8 $5 $13))
17. h4 Rac8 18. Rab1 h6 19. h5 f6 $6 (19... Nxe5 $1 {I would recommend this
move.} 20. Qxe5 Bd6 21. Nxe6 $8 fxe6 22. Qe3 Bh2+ 23. Kh1 Bf4 24. Qd4 Bd3 (
24... Rf8 25. Nb3 Qe7 26. g3 Bd6 27. Bg6 Nxb3 28. Bxd6 Qxd6 29. axb3 Qc6 $11)
25. Bxd3 Bxd2 26. Bg6 Bxe1 27. Bxe8 Ne4 28. Rxe1 Rxe8 29. c4 Qf7 30. Kg1 Qxh5
31. cxd5 exd5 32. Bb2 $44) (19... Ne4 20. Bxe7 Nxd2 21. Qxd2 Rxe7 22. Qf4 f6 (
22... Qxc3 $6 23. Rec1 Qa3 24. Rb3 Qc5 25. Bh7+ Kxh7 26. Rxc5 Nxc5 27. Rb6) 23.
exf6 $3 Qxf4 24. fxe7 {Black is in danger. Let's consider the following lines.}
e5 $1 (24... Ne5 25. g3 Qf6 26. Rb6 Bc4 27. Kg2 Kf7 (27... Ng4 28. Rbxe6 Qxf2+
29. Kh3 Nf6 30. e8=Q+ Nxe8 31. Rxe8+ Rxe8 32. Rxe8+ Kf7 33. Bg6+ Kf6 34. Rf8+
$18) 28. f4 Nd3 29. Rexe6 Ne1+ 30. Rxe1 Qxb6 31. Bg6+ Kf6 32. g4 Qa6 33. e8=Q
Bf1+ 34. Kf2 Rxe8 35. Rxe8 $18) (24... Nf6 25. Rxe6 Bc4 26. Bg6 Ne8 27. Re3 Qd6
28. Rbe1 Kh8 29. Rf3 Nc7 30. e8=Q+ Nxe8 31. Bxe8 Bxa2 32. Bg6 a4 33. Rfe3 Rf8
34. Re8 $18) (24... Re8 25. Rxe6 Bc8 26. Bg6 Nf6 27. g3 Qg5 28. Rxf6 Qxf6 29.
Bxe8 Qxe7 30. Bg6 $14) 25. Bf5 Nf6 26. Be6+ (26. Bxc8 Bxc8 27. Rb8 Qg4 28. f3
Qd7 29. Rxe5 Ne8 30. Rb5 Qc7 31. Rbxd5 Qxc3 32. Rd8 Kf7 $15) 26... Kh7 27. Bf5+
Kg8 28. Be6+ $11) 20. exf6 Bxf6 21. Qh3 $1 Nf8 $8 {There is no chance for
Black to play ...e5.} (21... Qf4 $2 22. N2f3 e5 $4 23. g3 $18) (21... e5 $2 22.
Qf5 exd4 $4 23. Qh7+ Kf8 24. Qh8+ Kf7 25. Bg6#) (21... Be5 $2 22. Bg6 $18) 22.
Rbc1 $6 (22. Rbd1 $1 Kh8 (22... e5 $6 23. Nf5 Bb7 24. c4 d4 25. Qg3 Kh8 26. Nb3
$16) (22... Qf7 23. Re3 Kh8 24. N2f3 e5 25. Nf5 Qd7 26. Qg3 $16) 23. N2b3 Nxb3
24. Bxb3 Qxc3 25. Qxc3 Rxc3 26. Bxf8 Bxd4 27. Bd6 Rxb3 28. axb3 Bc3 29. Re3 d4
30. Re5 $14) 22... Bg5 23. N4f3 (23. Rcd1 $5 {Probably he should have put the
rook on d1 even without a tempo.} e5 24. Nf5 Nfe6 25. Nf3 e4 (25... Nf4 26. Qg3
Nxh5 27. Qh2 Nf6 28. Rxe5 Rxe5 29. Qxe5 Qxe5 30. Nxe5 Rc7 31. Bxc5 Rxc5 32.
Ne7+ Kf8 33. N7g6+ Ke8 34. f4 $18) 26. Nxg5 Nxg5 27. Qg4 Bc4 28. Bc1 Nce6 29.
Ba4 Red8 30. f4 exf3 $8 31. gxf3 $40) 23... Bf6 24. Nd4 Bg5 25. N4f3 Bf4 $5 {
Kamsky wants to continue the game. Black's chances seem to be not worse.} (
25... Bf6 $11) 26. g3 (26. Qg4 Nd3 27. Bxd3 Bxd3 28. Bxf8 Bf5 29. Qxg7+ Qxg7
30. Bxg7 Kxg7 31. g3 Bd6 $44) (26. Bxc5 Qxc5 27. Qg4 Qc7 28. g3 Bd6 29. Nd4 Qd7
(29... Ba3 30. Rcd1 Qxc3 $2 31. Nb1 Qb2 32. Nxa3 Qxa3 33. Nxe6 Qe7 34. Bb3 $1
$16) 30. Re3 $13) 26... Bd6 27. Qg4 Ncd7 28. Bxd6 Qxd6 29. Qa4 e5 $1 30. Qxa5
e4 31. Nd4 Ne5 $2 {A blunder. Black has several promising opportunities} (31...
Nc5 $5 32. c4 (32. Nf5 Qe5 33. Nb3 Nfe6 34. Nbd4 Bc4 $17) 32... Re5 33. Qc3
Rxh5 $15) (31... Re5 $5 32. f4 exf3 (32... Rxh5 $2 33. Nxe4 $18) 33. N2xf3
Rxe1+ 34. Nxe1 Rc5 $1 (34... Qxg3+ 35. Ng2 Bc4 36. Nf5 Qg5 37. Re1 $13) 35. Nf5
(35. Qb4 Qxg3+ 36. Ng2 Bd3 37. Bxd3 Qxd3 $17) 35... Qxg3+ 36. Nxg3 Rxa5 37. Bb3
Ne6 $15) 32. Bb3 $2 {White could win immediately} (32. Bxe4 $1 dxe4 (32... Rc5
33. Qa3 Nfd7 34. Bf5 $18) 33. Nxe4 Qd7 34. Qxa6 $18) 32... Bc4 $6 (32... Kh8
33. Nf5 (33. Bxd5 $6 Rc5 34. Qa4 Bb5 35. Nxb5 Qxd5 36. Nc7 Qxd2 37. Qxe8 Nf3+
38. Kg2 Nxe1+ 39. Rxe1 Rf5 40. Rf1 Qd3 41. Kg1 Qf3 42. Ne6 $8 e3 43. Nf4 $8
Rxf4 44. gxf4 Qg4+ $11) 33... Qe6 34. Qxd5 Qxd5 35. Bxd5 Rcd8 36. c4 Nd3 37.
Nb3 $14) 33. Bxc4 Nxc4 34. Nxc4 Rxc4 35. Nf5 $1 Qc6 (35... Qc5 $5 36. Qxc5 Rxc5
37. Rb1 $1 Kh7 38. Rb7 Ne6 39. Rd7 $16) 36. Rcd1 Rc5 37. Qa7 Nd7 38. Rb1 Qe6 $2
(38... Kh8 $1 {The most stubborn move. White has a winning position, but he
would have to overcome some technical problems.} 39. Rb7 Ra5 $1 40. Qxa5 Qxb7
41. c4 Nf6 (41... dxc4 42. Nd6 Qa8 43. Qf5 Re7 44. Rxe4 Rxe4 45. Qxe4 Qxe4 46.
Nxe4 $18 {White should win the endgame}) 42. Nd6 Qa8 43. Qxa8 Rxa8 44. c5 Ra6 (
44... Rxa2 45. Rc1 Ra8 46. c6 Ne8 47. Nf5 Nc7 48. Rb1 $18) 45. Rc1 Rc6 46. Nf5
Nd7 47. a4 Rxc5 48. Rxc5 Nxc5 49. a5 $18 {Due to the miserable black king
position White should win the endgame.}) 39. Nxg7 $1 Kxg7 40. Rb7 Re7 41. Rxd7
Rxd7 42. Qxc5 $18 Qf6 43. Rd1 Qg5 44. Qd4+ Kg8 45. c4 Qxh5 46. Re1 Qf7 47. cxd5
Rxd5 48. Qxe4 Rd2 49. Qe8+ 1-0

[Event "Zug FIDE GP"]
[Site "Zug"]
[Date "2013.04.25"]
[Round "7"]
[White "Kamsky, Gata"]
[Black "Morozevich, Alexander"]
[Result "1-0"]
[WhiteElo "2741"]
[BlackElo "2758"]
[Annotator "CB"]
[PlyCount "79"]
[EventDate "2013.04.18"]
[EventType "tourn"]
[EventRounds "11"]
[EventCountry "SUI"]
[EventCategory "21"]
[SourceTitle "CBM 154"]
[Source "ChessBase"]
[SourceDate "2013.05.15"]
[SourceVersion "1"]
[SourceVersionDate "2013.05.15"]
[SourceQuality "1"]

1. e4 c5 2. Nf3 g6 3. c4 Bg7 4. d4 Qa5+ 5. Nc3 d6 6. h3 Nc6 7. d5 Nd4 8. Bd2
Qb6 9. Rb1 Nf6 10. Bd3 O-O $146 11. O-O Nd7 12. Nxd4 cxd4 13. Na4 Qc7 14. f4 a5
15. Be1 b6 16. Bg3 e6 17. f5 exf5 18. exf5 Re8 19. b3 Nf6 {The wrong plan by
Black. During the press conference Alexander Morozevich pointed out that the
game was completely lost for Black after this move.} 20. Bf2 Nh5 21. Qd2 Be5
22. Rbe1 ({White could have gained an advantage after} 22. Bh4) 22... Qd8 23.
fxg6 hxg6 24. Re4 Bd7 $2 {From now on things go bad for Morozevich.} 25. Bh4
Qc7 26. g4 f5 27. Rxe5 dxe5 28. Qh6 e4 29. d6 $1 (29. Qxg6+ Ng7 30. Nxb6 {
was also possible, though less compelling.}) 29... Qb7 ({In case you were
wondering:} 29... Qxd6 30. c5 Qb8 31. Qxg6+ Ng7 32. gxf5 exd3 33. f6 $18) 30.
Nxb6 Re6 31. gxh5 g5 32. Qxg5+ Kh8 33. Qxf5 Rg8+ 34. Kh2 exd3 35. Bf6+ Rxf6 36.
Qxf6+ Kh7 37. Nd5 Bxh3 38. Kxh3 Qd7+ 39. Kh2 d2 40. Qe7+ 1-0